ნორმალური ფორმატი
MARC ფორმატი
ჩანაწერი Corporate Name
ჩანაწერთა რაოდენობა, რომელიც გამოყენებულია: 1
001 - CONTROL NUMBER
- control field: 11084
003 - CONTROL NUMBER IDENTIFIER
- control field: GE_BSU
005 - DATE AND TIME OF LATEST TRANSACTION
- control field: 20210405175928.0
008 - FIXED-LENGTH DATA ELEMENTS
- fixed length control field: 210405|| aca||aabn | a|a d
040 ## - CATALOGING SOURCE
- Original cataloging agency: GE_BSU
- Transcribing agency: GE_BSU
110 ## - HEADING--CORPORATE NAME
- Corporate name or jurisdiction name as entry element: Батумский гос. ун-т им. Шота Руставели
670 ## - SOURCE DATA FOUND
- Source citation: Work cat.: (GE_BSU)52163: Ситникова, Виктория 10439, Русская литература в грузинских переводах XXI века /
